000 00652nam a2200253Ia 4500
005 20260121161153.0
008 008 260114s9999 xx 000 0 eng d
020 _a9781003368502
037 _aEBOOK
040 _aCRL
040 _beng
040 _cCRL
041 _2eng
041 _aeng
084 _qCRL
100 _aGail Kern Paster; Nick Moschovakis
_91041088
245 0 _aNew Essays on History and Form in Early Modern English Literature:
260 _bTaylor and Francis
260 _c2024
856 _uhttp://www.taylorfrancis.com/books/9781003368502
942 _cEBOOK
999 _c1607904
_d1607904